Podgatunki tygrysa azjatyckiego - Statystyki

Ogólne statystyki
  • Ten quiz został rozwiązany 11 razy
  • Średni wynik to 5 z 6
Statystyki odpowiedzi
Zasięg Podgatunek % Poprawnych
Chiny Tygrys chiński
100%
Półwysep Malajski Tygrys malajski
100%
Wschodnia Syberia Tygrys syberyjski
100%
Sumatra Tygrys sumatrzański
89%
Indie, Bangladesz, Mjanma Tygrys bengalski
78%
Wietnam, Laos, Tajlandia Tygrys indochiński
67%
Nie znaleziono quizów pasujących do podanych kryteriów
Rozkład punktacji
Procent ludzi z każdym wynikiem
Percentyl według liczby udzielonych odpowiedzi
Twoja historia wyników
Nie rozwiązałeś tego quizu